Minecraft Music Discs - Statistics

General Stats
  • This quiz has been taken 42 times
  • The average score is 15 of 21
Answer Stats
Composer Music disc % Correct
Lena Raine Pigstep
95%
C418 Cat
91%
C418 13
82%
Lena Raine Otherside
82%
C418 11
77%
C418 Blocks
77%
Lena Raine Creator
77%
Lena Raine Creator (Music Box)
77%
Hyper Potions Lava Chicken
73%
C418 Strad
73%
Samuel Åberg 5
68%
C418 Mellohi
68%
Aaron Cherof Relic
68%
C418 Chirp
64%
C418 Far
64%
C418 Stal
64%
Amos Roddy Tears
64%
C418 Wait
64%
C418 Ward
64%
C418 Mall
59%
Aaron Cherof Precipice
59%
No matching quizzes found
Score Distribution
Percent of People with Each Score
Percentile by Number Answered
Your Score History
You have not taken this quiz